Normal view
MARC view
- الثورة العرابية-مصر-تاريخ
Entry Topical Term
001 - CONTROL NUMBER
- control field: 15353
003 - CONTROL NUMBER IDENTIFIER
- control field: JO-AjAnu
005 - DATE AND TIME OF LATEST TRANSACTION
- control field: 20230606072741.0
008 - FIXED-LENGTH DATA ELEMENTS
- fixed length control field: 230606|| aca||aabn | a|a d
040 ## - CATALOGING SOURCE
- Original cataloging agency: JO-AjAnu
- Transcribing agency: JO-AjAnu
150 ## - HEADING--TOPICAL TERM
- Topical term or geographic name entry element: الثورة العرابية-مصر-تاريخ
670 ## - SOURCE DATA FOUND
- Source citation: Work cat.: (JO-AjAnu)7883: تاليف كرومر، لورد؛ ترجمة عرابي، عبد العزيز؛ تقديم مرقص، يواقيم رزق, author 15352, الثورة العرابية